[Event "Noisiel op 5th"]
[Site "Noisiel"]
[Date "2020.02.19"]
[Round "7"]
[White "Brehaut, Carl"]
[Black "Mekhane, Adam"]
[Result "1/2-1/2"]
[WhiteElo "1918"]
[BlackElo "2021"]
[PlyCount "91"]
[EventDate "2020.02.15"]
[EventType "swiss"]
[EventRounds "9"]
[EventCountry "FRA"]
[SourceTitle "CBM 195 Extra"]
[Source "ChessBase"]
[SourceDate "2020.05.31"]
[SourceVersion "1"]
[SourceVersionDate "2020.05.31"]
[SourceQuality "1"]

1. d4 Nf6 2. c4 g6 3. Nc3 Bg7 4. e4 d6 5. f4 0-0 6. Nf3 c5 7. d5 e6 8. Bd3 exd5 9. cxd5 b5 10. 0-0 c4 11. Bb1 b4 12. Ne2 Re8 13. Ng3 Ng4 14. Qc2 Qb6+ 15. Kh1 Ba6 16. h3 b3 17. Qd2 c3 18. bxc3 Bxf1 19. hxg4 Bc4 20. axb3 Qxb3 21. Nd4 Qb6 22. Bc2 a5 23. Rb1 Qd8 24. g5 Nd7 25. Ba4 Qc7 26. Bc6 Rab8 27. Ra1 Nc5 28. Bxe8 Rxe8 29. Rb1 Nxe4 30. Nxe4 Rxe4 31. Nc6 Re2 32. Qd1 Bxc3 33. Ba3 Qd7 34. Qc1 Re1+ 35. Qxe1 Bxe1 36. Rb8+ Kg7 37. Bb2+ f6 38. Bxf6+ Kf7 39. Nd8+ Qxd8 40. Rxd8 Bxd5 41. Rd7+ Kg8 42. Rxd6 Bb3 43. Rd8+ Kf7 44. Rh8 Bd2 45. Rxh7+ Ke6 46. g3 1/2-1/2

[Event "Noisiel op 5th"]
[Site "Noisiel"]
[Date "2020.02.16"]
[Round "3"]
[White "Houhou, Alexandre"]
[Black "Brehaut, Carl"]
[Result "1-0"]
[WhiteElo "2014"]
[BlackElo "1918"]
[PlyCount "93"]
[EventDate "2020.02.15"]
[EventType "swiss"]
[EventRounds "9"]
[EventCountry "FRA"]
[SourceTitle "CBM 195 Extra"]
[Source "ChessBase"]
[SourceDate "2020.05.31"]
[SourceVersion "1"]
[SourceVersionDate "2020.05.31"]
[SourceQuality "1"]

1. e4 c6 2. d4 d5 3. Nd2 e6 4. Ngf3 Nf6 5. Bd3 Be7 6. 0-0 0-0 7. e5 Nfd7 8. Re1 c5 9. c3 Nc6 10. Nf1 cxd4 11. cxd4 f5 12. exf6 Nxf6 13. Ng3 Qb6 14. Bb1 Bd6 15. a3 Bd7 16. Ne2 e5 17. dxe5 Nxe5 18. Ned4 Nxf3+ 19. Nxf3 Bg4 20. Be3 Bxf3 21. Qxf3 Qxb2 22. Ba2 Qe5 23. Qh3 Rae8 24. Rab1 Kh8 25. Bd2 Ne4 26. f3 Bc5+ 27. Be3 Bxe3+ 28. Rxe3 Qd4 29. fxe4 Rxe4 30. Rbe1 Rfe8 31. Bb1 h6 32. Bxe4 Rxe4 33. Qc8+ Kh7 34. Qf5+ Kg8 35. Qf2 Rh4 36. Re8+ Kh7 37. Qxd4 Rxd4 38. Kf2 Ra4 39. R1e3 a6 40. Rb8 Rf4+ 41. Ke2 Rd4 42. Rxb7 Rg4 43. Rg3 Re4+ 44. Kd3 Ra4 45. Rbxg7+ Kh8 46. Rg8+ Kh7 47. R3g7# 1-0

[Event "FRA-ch U14"]
[Site "Hyeres"]
[Date "2019.04.15"]
[Round "2"]
[White "Brehaut, Carl"]
[Black "Radovanovic, Luka"]
[Result "1/2-1/2"]
[WhiteElo "1861"]
[BlackElo "2111"]
[PlyCount "74"]
[EventDate "2019.04.14"]
[EventType "swiss"]
[EventRounds "9"]
[EventCountry "FRA"]
[SourceTitle "CBM 190 Extra"]
[Source "ChessBase"]
[SourceDate "2019.07.15"]
[SourceVersion "1"]
[SourceVersionDate "2019.07.15"]
[SourceQuality "1"]

1. d4 d5 2. c4 dxc4 3. Nf3 Nf6 4. e3 Bg4 5. Nbd2 e6 6. Qa4+ c6 7. Qxc4 Nbd7 8. Bd3 Bd6 9. 0-0 0-0 10. Qc2 e5 11. Nc4 Bxf3 12. Nxd6 Qc7 13. Nf5 Bh5 14. Bd2 exd4 15. exd4 Nd5 16. Rfe1 N7f6 17. Qc5 Kh8 18. Rac1 Bg6 19. Bb1 Qd7 20. Ng3 Bxb1 21. Rxb1 b6 22. Qc2 Rfe8 23. Rxe8+ Rxe8 24. Rc1 Re6 25. Qd3 Nc7 26. b4 Nb5 27. Be3 Nd6 28. Qc3 Nde4 29. Nxe4 Nxe4 30. Qc4 Nf6 31. a4 Nd5 32. b5 cxb5 33. Qc8+ Qe8 34. axb5 Nxe3 35. Qxe8+ Rxe8 36. fxe3 g6 37. Kf2 Re7 1/2-1/2

[Event "Montigny le Bretonneux 1hKO 20th"]
[Site "Montigny le Bretonneux"]
[Date "2016.05.05"]
[Round "3.14"]
[White "Marchal, Mathilde"]
[Black "Brehaut, Carl"]
[Result "0-1"]
[WhiteElo "1190"]
[BlackElo "1515"]
[PlyCount "78"]
[EventDate "2016.05.05"]
[EventType "swiss"]
[EventRounds "7"]
[EventCountry "FRA"]
[SourceTitle "EXT 2024"]
[Source "ChessBase"]
[SourceDate "2023.10.10"]
[SourceVersion "1"]
[SourceVersionDate "2023.10.10"]
[SourceQuality "1"]

1. e4 h6 2. Nf3 d6 3. d4 a6 4. Nc3 e6 5. Bc4 b5 6. Bd3 Bb7 7. 0-0 Nd7 8. Re1 c5 9. dxc5 Nxc5 10. Be3 Nxd3 11. Qxd3 Nf6 12. Nd4 Be7 13. Re2 0-0 14. Rae1 b4 15. Na4 Bxe4 16. Qd2 e5 17. Nb3 d5 18. c3 bxc3 19. Nxc3 Bg6 20. Bc5 Bxc5 21. Nxc5 Qd6 22. b4 e4 23. g3 Rfe8 24. Qf4 Qb6 25. a3 a5 26. Rb2 axb4 27. axb4 Ra3 28. N5a4 Qb7 29. Qd6 Rc8 30. Rc1 Rxa4 31. Rcc2 Ra1+ 32. Kg2 e3 33. Re2 d4+ 34. Kh3 dxc3 35. Rb3 c2 36. Qe5 c1Q 37. Rbxe3 Qf1+ 38. Kh4 Qbg2 39. h3 Qxh3# 0-1